000
00295nam a22001217a 4500
008
170505b xxu||||| |||| 00| 0 eng d
041
_a
eng
080
_a
34
100
_a
15
101
_a
SHJ
245
_a
THE DECLARATION OF INDEPENDENCE AND THE CONSTITUTION
_c
CATO INSTITUTE
942
_2
udc
_c
BK
999
_c
12724
_d
12724